000 00567cab a2200181 4500
001 WB2546-17
008 090401t1989 xxu||||| |||| 00| 0 eng d
035 _a(Sirsi) u4202
041 _aeng
245 _aHousing market survey
260 _c1989
350 _a0
490 _aRICS Press Release
_vPR36/89-90 16 November 1989 (15) £3.00
520 _aThe housing market is sluggish everywhere but favours buyers with no chain and with finance at hand.
690 _aPROPERTY-RESIDENTIAL PROPERTY-RESIDENTIAL PROPERTY MARKET
942 _n0
948 _c04/03/1997
999 _c2515
_d2515